000 01020nam a2200301 i 4500
001 bg
003 BPK
005 20220623075322.0
008 041110s2004 pl a f f |001 0 pol
015 _aPB 2004/24001
020 _a8301142340
040 _aWA N
_cBPK
041 0 _apol
080 _a55
080 _a(075.8)
100 1 _aCzubla, Piotr.
245 1 0 _aPrzewodnik do ćwiczeń z geologii /
_cPiotr Czubla, Włodzimierz Mizerski, Ewa Świerczewska-Gładysz.
260 _aWarszawa :
_bWydaw. Naukowe PWN,
_c2004.
300 _a222, [2] s. :
_bmapy, rys., tab., wykr. ;
_c24 cm.
504 _aBibliogr. s. 215-216. Indeks.
655 4 _aPodręczniki akademickie
650 4 _aGeologia
700 1 _aŚwierczewska-Gładysz, Ewa.
710 2 _aWydawnictwo Naukowe PWN
_4pbl.
700 1 _aMizerski, Włodzimierz
_d(1949- )
_eAutor
856 _uhttp://koha.tu.koszalin.pl/cgi-bin/koha/opac-detail.pl?biblionumber=45580
_yKatalogo online BPK
942 _2UKD
_cKS
999 _c45580
_d45580